D. Francisci Toleti Societatis Jesv, Commentaria vnà cum Quaestionibus In Tres Libros Aristotelis De Anima: Nunc emendatius squà antea vnquam in lucem edita

Podrobná bibliografia
Hlavný autor: Toledo, Francisco, 1532-1596 (Autor)
Korporatívny autor: Birkmannica - officina; typ. Kempen, Gottfried von (Kolín nad Rýnom, Nemecko) (Tlačiar)
Ďalší autori: Kempen, Gottfried von, 16. storočie (Tlačiar), Birckmannica - officina (Tlačiar), P.B.D.L. 1592 (fmo IC 144546)
Médium: Kniha
Jazyk:latinčina
Fyzický popis:[4], 179 listov 4° 22 cm
Vydavateľské údaje: Coloniae Agrippinae [In officina Birckmannica] Typis Godefridi Kempensis [Anno cIכ. Iכ LXXXIII] [=1583]
Predmet:

MARC

LEADER 00000cam a2200000 a 4500
001 vtls001516046
003 SK-MaSNL
005 20260425225401.0
008 251112s1583 gw 000 0 lat
015 |a SNBHFA1583 
020 |q (viaz.) 
035 |a urn:nbn:sk:snk-am00elh3 
035 |a urn:nbn:sk:snk-am3ijab 
035 |a 2F91002A-A0EF-4BDE-A010-2899129A5C07 
040 |a SNK  |b slo  |c SNK  |e AACR2 
041 0 |a lat 
044 |a gw  |c DE 
072 7 |a 101  |x Filozofia  |2 konspekt 
080 |a 101  |2 2011 
080 |a 93/94  |2 2011 
100 1 |a Toledo, Francisco,  |d 1532-1596  |4 aut  |9 130973 
243 1 0 |a Commentaria 
245 1 |a D. Francisci Toleti Societatis Jesv, Commentaria vnà cum Quaestionibus In Tres Libros Aristotelis De Anima: Nunc emendatius squà antea vnquam in lucem edita 
246 1 3 |a Commentaria 
260 |a Coloniae Agrippinae  |b [In officina Birckmannica] Typis Godefridi Kempensis  |c [Anno cIכ. Iכ LXXXIII] [=1583] 
300 |a [4], 179 listov  |c 4°  |c 22 cm 
500 |a Signet, iniciálky s ornamentálnym pozadím v rámčeku na 4 - 8 riadkov, kustódy 
501 |a Príväzok 1.: ARISTOTELES: Commentaria. - Coloniae Agrippinae : In Officina Birckmannica, sumptibus Arnoldi Mylij Typis Godefridi Kempensis, Anno cIכ. Iכ. LXXXIX. [=1589] Mense Iulio.  |5 SNK IC 144546/prív.1 
501 |a Príväzok 1.: ERASTUS, Thomas: Responsio. - Basileae : ex off. Pernea; Conradi VValdkirchii. 1583. 4°.  |5 SNK IC 144546/prív.1 D1 
501 |a Príväzok 2.: MERCENARIUS, Archangeli : Archangeli Mercenarii Philosophiae. - Basileae : Ex Pernea Officina Conradi VValdkirchii. 1583. 4°.  |5 SNK IC 144546/prív.2 D1 
504 |a Marginálie 
510 0 |a VD 16 T/1470 
550 |a Tlačiarenské údaje doplnené z bibliografie a kolofónu 
561 |a Proveniencia: Oválna pečiatka Bibliotheca O. FF. M. Prov. Mariae.  |5 SNK IC 144546 
561 |a Z knižnice františkánov v Bratislave.  |5 SNK IC 144546 
561 |a Z knižnice františkánov v Bratislave.  |5 SNK IC 144546 D1 
561 |a Proveniencia: Pečiatka Bibliotheca O. FF. M. Prov. S. Mariae. - Hunc Librum Possidet Thomas Passer Año Dñij 1646.  |5 SNK IC 144546 D1 
562 |a Rukopisná poznámka na titulnom liste: Su† Ex Libri Dambius Palu Z[...] 1659 Empt9 Tyrnavia Conuentus Tyrnaviensis D. Jacobi Frum Minorum.  |5 SNK IC 144546 
562 |a Defekt: Poškodený titulný list.  |5 SNK IC 144546 
562 |a Defekt: Chýba titulný list a začiatok.  |5 SNK IC 144546 D1 
563 |a Väzba: pôvodná, bledá, hladká koža, poškodená.  |5 SNK IC 144546 
563 |a Väzba: pôvodná, hnedá hladká koža so slepotlačou, poškodená.  |5 SNK IC 122979 
600 0 7 |a Aristoteles,  |d 384 pred Kr.-322 pred Kr  |2 SNKMA  |9 186400 
650 0 7 |a filozofia  |2 SNKPH  |9 793 
650 0 7 |a dejiny  |2 SNKPH  |9 3825 
655 7 |a staré tlače  |2 SNKPH  |9 69193 
700 1 |a Kempen, Gottfried von,  |d 16. storočie  |4 prt  |9 128601 
700 1 |a Dambius, Paulus  |d 1659  |4 fmo  |9 396772 
700 0 |a Birckmannica - officina  |4 prt  |9 396773 
700 0 |a P.B.D.L.  |d 1592  |4 fmo IC 144546  |9 396774 
700 1 |a Passer, Thomas  |d 1646  |4 fmo  |9 396775 
710 0 |a Birkmannica - officina; typ. Kempen, Gottfried von (Kolín nad Rýnom, Nemecko)  |4 prt  |9 396776 
710 2 |a Františkáni (Bratislava, Slovensko)  |4 fmo  |9 281881 
752 |a Nemecko  |d Kolín nad Rýnom 
852 |a snk  |b Historické fondy  |p IC 144546 
852 |a snk  |b Historické fondy  |p IC 144546 D1 
852 |a snk  |b Historické fondy  |p IC 122979 
958 |a ONDV 
999 |c 646849  |d 648779 
952 |t Tlače 16. storočia  |a SNK  |b SNK  |c SNK_HF  |y PREZ  |7 0  |p 17A1399628  |o snkIC 122979  |i snkD 510/93  |8 1  |0 0  |1 0  |4 0  |d 2022-06-21  |l 0  |r 2026-02-23 18:10:45  |w 2026-02-23 
952 |t Fr Ba 26 750  |a SNK  |b SNK  |c SNK_HF  |y PREZ  |7 0  |p 17A1356956  |o snkIC 144546 D1  |i snk2019/26739  |8 5  |0 0  |1 0  |4 0  |d 2005-04-05  |f 1  |l 0  |r 2005-04-05 00:00:00  |w 2026-02-23 
952 |t Fr Ba 2769  |a SNK  |b SNK  |c SNK_HF  |y PREZ  |7 0  |p 17A1354411  |o snkIC 144546  |i snk2019/2770  |8 5  |0 0  |1 0  |4 0  |d 2005-04-05  |f 1  |l 0  |r 2005-04-05 00:00:00  |w 2026-02-23